000
00269nam a2200121Ia 4500
008
190216s9999||||xx |||||||||||||| ||und||
100
_a
Abdulla T
245
0
_a
Banking Theory And Prcatice
260
_b
Null
_c
1980
300
_a
184p
650
_a
Economics
942
_c
BK
999
_c
9407
_d
9407